|
|
|
|
| LEADER |
01230naa a2200373 a 4500 |
| 001 |
000000617 |
| 003 |
SVKKK |
| 005 |
20071022105147.0 |
| 008 |
030616c1995 xo e engo |
| FMT |
|
|
|
| 038 |
|
|
|a SVKKK
|
| 040 |
|
|
|a SVKKK
|b slo
|e AACR2
|
| 041 |
0 |
|
|a eng
|b eng
|
| 044 |
|
|
|a xo
|c SK
|
| 080 |
|
|
|a 551.76(234.372.3
|2 1981
|
| 080 |
|
|
|a 552.52(234.372.3)
|2 1981
|
| 080 |
|
|
|a 553.311(234.372.3)
|2 1981
|
| 100 |
1 |
|
|a Al-Juboury, Ali Ismail
|4 aut
|
| 242 |
1 |
0 |
|a Asociácia ťažkého minerálu karpatských keuperových hornín
|
| 245 |
1 |
0 |
|a Heavy mineral association of the Carpathian Keuper roks
|c Al-Juboury Ali Ismail, Ďurovič Vincent, Ďurovičová Marta
|
| 300 |
|
|
|b Obr. 3, tab. 2,
|
| 504 |
|
|
|a Res. angl., lit. 15 zázn. v angl., slov.
|
| 650 |
0 |
4 |
|a mezozoikum
|x štúdie
|
| 650 |
0 |
4 |
|a minerály ťažké
|x horniny klastické keuperové
|x pôvod
|z Západné Karpaty
|
| 700 |
1 |
|
|a Ďurovič, Vincent
|4 aut
|
| 700 |
1 |
|
|a Ďurovičová, Marta
|4 aut
|
| 773 |
0 |
|
|t Acta Geologica Universitatis Comenianae 50/1994
|d Bratislava : Univerzita Komenského, 1995
|z 80-223-0907-9
|g S. 63-69
|
| 958 |
|
|
|a MS
|
| 958 |
|
|
|a NB
|
| 974 |
|
|
|d 960119
|a 244
|
| 992 |
|
|
|a RZB
|
| BAS |
|
|
|
| 852 |
|
|
|a SVKKK
|b BIB
|
| 998 |
|
|
|a GEO
|